Euro area and Japan – different markets, similar unconventional monetary measures, same dilemma
Analýza spoločných a odlišných vlastností nekonvenčnej menovej politiky v Eurozóne a v Japonsku, najmä ich vplyv na hlavné makroekonomické a menové ukazovatele v období 2007-2016.
Guardado en:
| Autor principal: | |
|---|---|
| Formato: | Capítulo de libro |
| Lenguaje: | inglés |
| Materias: | |
| Etiquetas: |
Sin Etiquetas, Sea el primero en etiquetar este registro!
|
MARC
| LEADER | 00000nla a2200000 4500 | ||
|---|---|---|---|
| 001 | 0238756 | ||
| 005 | 20240502073849.9 | ||
| 041 | 0 | |a eng | |
| 044 | |a SK | ||
| 245 | 1 | 0 | |a Euro area and Japan – different markets, similar unconventional monetary measures, same dilemma |c Jana Kotlebova |
| 520 | |a Analýza spoločných a odlišných vlastností nekonvenčnej menovej politiky v Eurozóne a v Japonsku, najmä ich vplyv na hlavné makroekonomické a menové ukazovatele v období 2007-2016. | ||
| 610 | 2 | 0 | |a trh finančný |
| 610 | 2 | 0 | |a porovnanie medzinárodné |
| 610 | 2 | 0 | |a kríza finančná |
| 610 | 2 | 0 | |a globalizácia |
| 610 | 2 | 0 | |a politika menová |
| 610 | 2 | 0 | |a banky centrálne |
| 610 | 2 | 0 | |a Európska centrálna banka |
| 610 | 2 | 0 | |a eurozóna |
| 610 | 2 | 0 | |a Japonsko |
| 610 | 2 | 0 | |a ukazovatele |
| 100 | 1 | |a Kotlebová, Jana, 1969- | |